000 00501nam a2200157Ia 4500
008 210716s2005 xx 000 0 und d
020 _a076193295X
041 _aeng
082 _a303.484 GIRA
100 _aGiri, Ananta kumar.
245 _aReflections and mobilizations: dialogues with movements and voluntary organizations.
_bDialogues with movements and voluntary organizations.
250 _a1
260 _aNew Delhi
_bSage Publications
_c2005
300 _a436
650 _aGeneral Knowledge
999 _c199593
_d199593